• 首页
  • 本馆介绍
  • 公告通知
  • 最新文献
  • 馆藏检索
  • 电子资源
  • 读者导购
  • 参考咨询
  • 我的图书馆
  • 登录
  • 详细信息显示
  • 放入我的书架
  • 预约/预借图书
  • 作者相关作品
  • 分类相关作品
  • 丛书相关作品
  • 出版社相关作品

书目信息

  • 表格格式
  • 工作单格式
  • 卡片格式
题名:
城镇集体经济研究
    
 
作者: ;人民出版社 编
分册:  
出版信息: 北京   人民出版社  1981.06
页数: 463页
开本: 20cm
丛书名:
单 册:
中图分类: F276.2
科图分类:
主题词: 企业经济
电子资源:
ISBN:
000 00564nam0 2200205 45
001 0204140817
005 20031219104109.1
010    @dCNY1.10
091    @a4001.381
100    @a20020414d1981 km y0chiy0120 ea
101 0  @achi
105    @a z 000yy
200 1  @a城镇集体经济研究@ACheng Zhen Ji Ti Jing Ji Yan Jiu@f本社编@FBen She Bian
210    @a北京@c人民出版社@d1981.06
215    @a463页@d20cm
606 0  @a企业经济
690    @aF276.2@v3
711 02 @a人民出版社@ARen Min Chu Ban She@4编
801    @aCN@bTSTC@c20020414
905    @f1@b56580@dF276.2@e13
    
    城镇集体经济研究/本社编.-北京:人民出版社,1981.06
    463页;20cm
    
    
    ISBN :CNY1.10
    
●
相关链接 在E读中查询图书 在五车中查询图书 在当当中查询图书 在豆瓣中查询图书


正题名:城镇集体经济研究     索取号:F276.2/13         预约/预借

序号 登录号 条形码 馆藏地/架位号 状态 备注
1 0056580   001791699   密集书库/ [索取号:F276.2/13] 在馆    
2 0056581   000210284   第一样本阅览室/ [索取号:F276.2/13] 在馆    
唐山师范学院图书馆 欢迎您!
大连网信软件有限公司© 版权所有